000 00627nam a2200193 i 4500
001 52402
003 ES-MaACL
007 t|
008 030828s1958 mx ||||1| spa d
100 1 _aChávez, Ezequiel A.
_938279
245 1 3 _aLa educación en México en la época precortesiana /
_cEzequiel A. Chávez.
250 _a[1ª ed.].
260 _aMéxico, D.F. :
_bJus,
_c1958.
300 _a119 p. ;
_c23 cm.
490 1 _aFiguras y episodios de la historia de México ;
_v63
830 0 _aFiguras y episodios de la historia de México ;
_v63
_9181876
852 _aES-MaACL
_jE-9423
_bR.94205
999 _c52402
_d52402